[Event "Yingmei Cup CHN-chT 2017"]
[Site "?"]
[Date "2017.04.21"]
[Round "4"]
[White "Chu, Ruotong"]
[Black "Wang, Jue"]
[Result "1/2-1/2"]
[WhiteElo "2270"]
[BlackElo "2335"]
[Annotator "TA"]
[PlyCount "157"]
[EventDate "2017.??.??"]
[SourceTitle "Shenzen"]

1. d4 d5 2. Nf3 Nf6 3. g3 g6 4. Bg2 Bg7 5. c4 c6 6. cxd5 cxd5 7. Ne5 O-O 8. Nc3
b6 9. O-O Bb7 10. Bf4 Nc6 {LiveBook: 9 Games. D79: Fianchetto Grünfeld:
Symmetrical Variation (6 0-0 c6 7 cxd5 cxd5)} (10... e6 11. Qd2 Nc6 12. Nxc6
Bxc6 13. Be5 Qe7 14. Rac1 Rfd8 15. Rc2 Ne8 16. Bxg7 Kxg7 17. Rfc1 Nd6 18. b3 {
1/2-1/2 (42) Akopian,V (2648)-Giri,A (2784) Doha 2015}) 11. Qd2 Rc8 12. Rac1 a6
$146 (12... e6 $5 {feels hotter.} 13. Bg5 Qe8 14. Bh4 h6 15. f4 Nh7) (12... Ne4
13. Nxe4 Nxe5 14. dxe5 dxe4 15. Qb4 Qd7 16. Qa3 Bd5 17. Rfd1 Qb7 18. Qe3 e6 19.
a3 {1/2-1/2 (42) Ofitserian,B (2365)-Kjartansson,G (2464) Moscow 2017}) 13.
Nxc6 Bxc6 14. Rfd1 e6 15. Rc2 b5 16. Rdc1 Qb6 17. Be5 Rfd8 18. a3 Qb7 (18...
Bd7 $11) 19. h3 a5 20. Na2 Qb6 21. Qe3 Re8 22. Nc3 Qb7 23. Na2 Nd7 (23... Qb6
$11) 24. Bxg7 $1 $14 Kxg7 25. Qd2 Qb6 26. Nc3 Bb7 27. Na2 Bc6 28. Nc3 ({
White should play} 28. e4 $14) 28... h5 29. e3 Nf6 30. Bf1 Bd7 31. Na2 Ne4 32.
Qd3 Bc6 33. Nc3 Nd6 34. b3 f5 (34... b4 $11 35. axb4 axb4) 35. Na2 h4 (35...
Bd7 $14) 36. gxh4 $16 Rh8 37. f3 (37. Qd1 $16) 37... Rxh4 $14 38. Qd2 Bd7 39.
Rxc8 Nxc8 40. Qf2 Rh8 41. Qg3 Nd6 42. Qe5+ Kh7 43. Qf6 {Threatens to win with
Qe7+.} Re8 44. Rc2 e5 $2 (44... Qd8 $11 {and Black has nothing to worry.} 45.
Qxd8 Rxd8) 45. Kh2 $2 (45. Nc3 $18 Be6 46. Nxb5 $1 (46. dxe5 Qxe3+ 47. Kg2 Nf7
$14) (46. Qxe5 Bf7 47. Nxd5 Rxe5 48. Nxb6 Rxe3 $16) 46... Nxb5 47. Bxb5) 45...
exd4 46. exd4 Qb8 {aiming for ...Ne4+.} 47. Kg1 b4 (47... Re6 $11 {remains
equal.} 48. Qh4+ Kg7) 48. axb4 $16 {Hoping for Nc1.} axb4 {[#]} 49. Nc1 (49.
Nxb4 $142 $1 Re6 (49... Qxb4 50. Rc7) 50. Qh4+ Kg7 51. Na6 (51. Nxd5 g5 52. Qg3
Qxb3 $16)) 49... Re6 50. Qh4+ Kg7 {[#]} 51. Nd3 $1 {Nc5 is the strong threat.}
Nf7 52. Nf4 ({White should try} 52. Nc5 $16 Rd6 53. f4 (53. Qe7 Qd8 54. Re2
Qxe7 55. Rxe7 Bc6 $14)) 52... Re3 $2 (52... Rd6 $1 $11 {and Black stays safe.})
53. Nxd5 $2 (53. Rg2 $18 Re6 54. Nh5+ (54. Nxd5 g5 $14) 54... Kf8 55. Nf6 Rxf6
56. Qxf6) 53... g5 $11 54. Qf2 (54. Rg2 $11 Re6 55. Qf2) 54... Rxb3 $15 55. f4
Rb1 (55... Qd6 $17 56. Rc5 Kf8) 56. Rb2 $1 ({Don't capture} 56. fxg5 $2 Bb5 57.
Ne3 Bxf1 58. Nxf1 b3 $19) 56... Rxb2 57. Qxb2 Qd6 (57... b3 $1 $15 58. Bc4 Ba4)
58. Nxb4 Qxf4 59. Bg2 Qe3+ 60. Qf2 $1 Qxf2+ (60... Qc1+ $5 {seems wilder.} 61.
Kh2 Qc7+ 62. Kg1 Qd6 63. Qb2 Qg3) 61. Kxf2 {Endgame KBN-KBN} Kf6 62. Nd5+ Ke6
63. Ne3 Nd6 64. Bd5+ Kf6 65. Bg2 Nb5 66. Nc2 f4 67. d5 Ke5 68. Ne1 {The
position is equal.} Nd6 69. Nf3+ Kf6 70. Nd2 Bb5 71. Kf3 Kf5 72. Kf2 Ke5 73.
Nf3+ Kf6 74. Nd2 Bd3 75. Kf3 Ke5 {And now ...Ne4 would win.} 76. Kg4 Nf7 77.
Nf3+ Kf6 {( -> ...Bf5+)} 78. Nxg5 $1 Nxg5 79. Kxf4 1/2-1/2

[Event "Yingmei Cup CHN-chT 2017"]
[Site "?"]
[Date "2017.04.21"]
[Round "4"]
[White "Ren, Xiaoyi"]
[Black "Liu, Shilan"]
[Result "0-1"]
[WhiteElo "2262"]
[BlackElo "2255"]
[Annotator "TA"]
[PlyCount "104"]
[EventDate "2017.??.??"]
[SourceTitle "Shenzen"]

1. d4 Nf6 2. g3 c5 3. c3 e6 4. Bg2 d5 5. Nf3 Be7 6. O-O O-O 7. dxc5 Bxc5 8.
Nbd2 Nc6 9. Qc2 {[%emt 0:00:03] D02:1 d4 d5 2 Nf sidelines, including 2...Nf6
3 g3 and 2...Nf6 3 Bf4} b6 (9... Bb6 10. e4 d4 11. cxd4 Nxd4 12. Nxd4 Qxd4 13.
Nc4 Ng4 14. Nxb6 axb6 15. Rd1 Qc5 16. Qe2 e5 {1-0 (42) Chigaev,M (2495)-Levin,
E (2507) St Petersburg 2014}) 10. e4 (10. Nb3 $11 {keeps the balance.}) 10...
Bb7 $146 (10... Ba6 $17 11. exd5 Bxf1 12. Nxf1 exd5) (10... Ba6 11. c4 dxc4 12.
Nxc4 Nb4 13. Qb3 Rc8 14. Nfe5 Ng4 15. Nxg4 Bxc4 16. Qf3 Bxf1 17. Bxf1 {0-1 (30)
Davidson,J-Janowski,D Semmering 1926}) 11. exd5 $11 {The position is equal.}
Qxd5 12. Nh4 Qd7 13. Nb3 Be7 14. Bg5 Rad8 15. Rad1 Qc8 16. Bxf6 Bxf6 17. Nf3 g6
18. a3 Bg7 19. h4 h5 20. Rfe1 Rxd1 21. Rxd1 Rd8 22. Ng5 Rxd1+ 23. Qxd1 Qd8 24.
Qe2 Qe7 25. Nd2 Ne5 26. Nde4 Bd5 27. Nd2 Bxg2 28. Kxg2 Qd7 29. Ndf3 Qd3 30. Qe1
Qd5 {...f6 is the strong threat.} 31. Qd2 Nc4 32. Qe2 {[#]} b5 $1 $36 {Black
has strong initiative.} 33. Kg1 a5 34. Ne1 a4 ({Better is} 34... Bf6 $17 35.
Ne4 Be7) 35. Ng2 ({White should play} 35. Nd3 $1 $15) 35... Qf5 $17 {aiming
for ...Qb1+.} 36. Nf4 (36. Ne3 $17 Qb1+ 37. Qd1 Qxd1+ 38. Nxd1) 36... Bh6 $19
37. Kg2 Bxg5 38. hxg5 Qxg5 39. Qf3 $2 (39. Nd3) 39... Nxb2 40. Qa8+ Kg7 41. Qb8
Nc4 42. Qc7 {White wants to mate with Nxe6+.} Qe5 43. Qe7 Nd6 44. Qd7 Ne4 45.
Ne2 Nxc3 46. Nxc3 Qxc3 {Black mates.} 47. Qxb5 Qxa3 {KQ-KQ} 48. Qe5+ Kg8 49.
Qd4 Qb3 50. Qd8+ Kg7 51. Qd4+ Kh7 52. Qf4 {[#]} e5 $1 0-1

[Event "Yingmei Cup CHN-chT 2017"]
[Site "?"]
[Date "2017.04.21"]
[Round "4"]
[White "Wang, Doudou"]
[Black "Gu, Tianlu"]
[Result "0-1"]
[WhiteElo "2207"]
[BlackElo "2212"]
[Annotator "TA"]
[PlyCount "88"]
[EventDate "2017.??.??"]
[SourceTitle "Shenzen"]

1. d4 d5 2. c4 c6 3. Nf3 Nf6 4. e3 g6 5. Bd3 Bg7 6. Nbd2 O-O 7. O-O Nbd7 8. b3
{D70: Grünfeld: Unusual White 3rd moves (met by ...d5)} b6 9. Bb2 Bb7 10. Qe2
{The position is equal.} c5 11. Rfd1 (11. Rac1 Rc8 12. Rfd1 {1-0 (80)
Mamedyarov,S (2765)-Gelfand,B (2743) Beijing 2014}) 11... e6 12. Ne5 Qe7 $146
13. Rac1 Rfd8 (13... Nxe5 $5 {with more complications.} 14. dxe5 Nd7 15. f4 f6
16. exf6 Bxf6 17. Bxf6 Nxf6 18. Nf3 Rad8) 14. Ndf3 (14. Nxd7 $5 {is
interesting.} Rxd7 15. Ba3 Rc8 16. cxd5 exd5 17. Ba6) 14... Nxe5 15. Nxe5 dxc4
16. Bxc4 cxd4 17. Bxd4 Nd5 18. h3 Rac8 19. Ba6 $2 {[#]} (19. Qb2 $11 {and
White is okay.}) 19... Rxc1 $1 $19 20. Rxc1 Qa3 $1 21. Rc7 Nxc7 22. Bxb7 Qc1+
23. Kh2 Nd5 24. Qc4 (24. Bxd5 {was necessary.} Rxd5 25. f4) 24... Qxc4 {
Black is clearly winning.} 25. bxc4 Nb4 26. a4 Bxe5+ 27. Bxe5 {Endgame KRN-KB}
Nd3 28. Bd4 Nc5 ({Less strong is} 28... Nxf2 29. a5 Nd3 30. axb6 axb6 31. h4
$19) 29. Bf3 Nxa4 30. g4 Rc8 31. Be2 Nc5 32. h4 Ne4 33. g5 Nxf2 34. Kg3 Ne4+
35. Kf4 Nd6 36. c5 bxc5 37. Bc3 c4 38. Ke5 Nb5 {[#] White must now prevent ...
Rc5+.} 39. Bb4 c3 40. Bxb5 c2 41. Ba3 c1=Q 42. Bxc1 Rxc1 43. Kf6 Rc5 44. Bd3
Rc3 0-1

[Event "Yingmei Cup CHN-chT 2017"]
[Site "?"]
[Date "2017.04.21"]
[Round "4"]
[White "Zhu, Jiner"]
[Black "Sun, Fanghui"]
[Result "1-0"]
[WhiteElo "2154"]
[BlackElo "2059"]
[Annotator "TA"]
[PlyCount "59"]
[EventDate "2017.??.??"]
[SourceTitle "Shenzen"]

1. e4 c5 2. Nf3 d6 3. d4 cxd4 4. Nxd4 Nf6 5. Nc3 a6 6. Be3 e5 7. Nb3 Be6 8. Qd2
Be7 9. O-O-O O-O 10. f4 {B90: Sicilian Najdorf: Unusual White 6th moves, 6 Be3
Ng4 and 6 Be3 e5} b5 11. f5 Bc4 12. Kb1 Nbd7 13. g4 {LiveBook: 10 Games} Bxf1 (
13... Bxb3 14. cxb3 Nxg4 15. Rg1 Nxe3 16. Qxe3 Kh8 {1/2-1/2 (30) Caruana,F 
(2786)-Ivanchuk,V (2763) Bucharest 2012}) 14. Rhxf1 {g5 is the strong threat.}
b4 $146 (14... Nxg4 15. Rg1 Nxe3 16. Qxe3 Kh8 17. Qg3 Rg8 18. Nd5 Nb6 19. Qd3
Nxd5 20. Qxd5 Rf8 21. Qb7 Rc8 22. Qxa6 {1/2-1/2 (22) Doderer,H (2378)-Tauscher,
K (2437) Remote email 2012}) 15. Nd5 Nxd5 16. exd5 a5 17. g5 Re8 (17... a4 $14
18. Nc1 f6) 18. g6 ({White should try} 18. f6 $16) 18... Bf6 (18... a4 $11 19.
Nc1 hxg6) 19. Qg2 Qe7 20. gxf7+ Qxf7 {[#]} 21. Nd2 $1 Be7 22. Ne4 Kh8 {[#]} (
22... a4 $142) 23. Rf3 $1 $16 Rab8 (23... a4 $16 {is a better defense.}) 24.
Rg1 $18 Nb6 25. Bxb6 Rxb6 {[#]} 26. f6 $1 $40 {White attacks with force.} gxf6
$2 (26... Bxf6 27. Qf2 (27. Nxf6 gxf6 28. Qf2 Rbb8 $16) 27... Ra6) 27. Rg3 {
White threatens Rg7 and mate.} Rbb8 28. Rg7 Qf8 {[#]} 29. Rxh7+ $1 Kxh7 30.
Qg6+ 1-0

[Event "Yingmei Cup CHN-chT 2017"]
[Site "?"]
[Date "2017.04.21"]
[Round "4"]
[White "Zhang, Lanlin"]
[Black "Tan, Zhongyi"]
[Result "0-1"]
[WhiteElo "2080"]
[BlackElo "2508"]
[Annotator "TA"]
[PlyCount "46"]
[EventDate "2017.??.??"]
[SourceTitle "Shenzen"]

1. e4 e5 2. Nf3 Nc6 3. Bc4 Bc5 4. O-O Nf6 5. d4 Bxd4 6. Nxd4 Nxd4 7. f4 d6 8.
fxe5 dxe5 9. Bg5 Qe7 {Strongly threatening ...Qc5.} 10. c3 {[#] C50: Hungarian
Defence and Giuoco Pianissimo} (10. Qd3 $15) 10... Ne6 $1 $17 (10... Qc5 $6 11.
cxd4 Qxc4 12. Bxf6 gxf6 13. Nc3 Qxd4+ 14. Qxd4 exd4 15. Nb5 $14) 11. Bxf6 gxf6
12. Bxe6 {Black is slightly better.} Bxe6 13. Na3 Rg8 14. Kh1 Rg4 $146 (14...
Qd7 15. Qxd7+ Kxd7 16. Rxf6 Rg4 17. Re1 Ke7 {0-1 (64) Alarcon Casellas,R (2378)
-Bachmann,A (2652) Barcelona 2014}) 15. Qd3 (15. Nc2 $17 {was called for.})
15... Qd7 $19 16. Qe3 Qc6 17. Rae1 (17. Rad1 $142) 17... f5 $1 (17... Bxa2 18.
c4 $17) 18. h3 f4 ({Don't do} 18... Rxe4 19. Qg5 Rd8 20. Nc2 $19) 19. Qe2 Rg3
20. Qh5 O-O-O 21. Qxe5 $2 {[#]} (21. Rf3) 21... Bxh3 $1 ({Stronger than} 21...
Bxa2 22. Qxf4 Rgd3 23. Rf2 $11) 22. Qxf4 (22. gxh3 Rxh3+) 22... Rdg8 ({Not} 
22... Rxg2 23. Rf3 $11) 23. Re3 Rxe3 0-1

[Event "Yingmei Cup CHN-chT 2017"]
[Site "?"]
[Date "2017.05.23"]
[Round "5"]
[White "Wei, Yi"]
[Black "Fang, Yan"]
[Result "1-0"]
[WhiteElo "2727"]
[BlackElo "2447"]
[Annotator "TA"]
[PlyCount "81"]
[EventDate "2017.??.??"]
[SourceTitle "Jinhua-Lanxi"]

1. e4 e6 2. d4 d5 3. Nc3 dxe4 4. Nxe4 Bd7 5. Nf3 Bc6 6. Neg5 Be7 7. Bc4 {
C10: French with 3 Nc3: Unusual Black 3rd moves and 3...dxe4} Bd5 8. Bd3 (8.
Bb5+ c6 9. Bd3 Bxf3 10. Nxf3 Nf6 11. O-O Nbd7 12. b3 Qa5 13. a3 O-O 14. Bb2 Qh5
{1-0 (50) Jones,G (2663)-Taylor,A (2233) Reading 2016}) 8... Nd7 $146 ({
Predecessor:} 8... Nc6 9. c3 Nf6 10. O-O h6 11. Nh3 Be4 12. Re1 Bxd3 13. Qxd3
Qd7 14. b4 a6 {1-0 (46) Nielsen,U (2295)-Sobjerg,E (2320) Norresundby 1992}) 9.
c4 {White is slightly better.} Bxf3 10. Nxf3 Ngf6 11. O-O O-O 12. Qe2 Re8 13.
b3 c6 14. Bb2 Qc7 15. g3 Bf8 16. Kg2 a6 17. Rad1 b5 18. Bb1 Qb7 19. Ne5 bxc4
20. Qxc4 Rec8 21. Kg1 Nxe5 22. dxe5 Nd5 23. Be4 (23. Qe2 {with more
complications.} a5 24. Bc2 g6 25. Ba1 Rd8 26. Rd4) 23... a5 24. Qc2 g6 25. Rd4
$36 {White has some pressure.} Bg7 (25... Nb4 $5 26. Qb1 Nd5 $11) 26. Rc4 Nb4
27. Qb1 Rab8 28. Rfc1 Bf8 29. Bd4 Rd8 30. h4 Qb5 31. Bb2 (31. h5 $16) 31... Rd2
(31... a4 $11) 32. Bc3 $1 $16 Rdd8 33. h5 Bg7 (33... Kg7 $16) 34. hxg6 $18 hxg6
{[#]} 35. Bd4 ({White has to play} 35. Bxg6 $1 $18 fxg6 36. Qxg6) 35... Rd7 $2
{[#]} (35... Qb7 $16 36. Qa1 Rbc8) 36. Bc5 $1 Nd5 $2 {[#]} (36... Rbd8 37. Bxb4
axb4) 37. Bd6 (37. Bxg6 $142 $1 {Threatens to win with Bh7+.} Ne7 (37... fxg6
38. Qxg6) 38. Bh7+ Kf8 39. Qe4) 37... Rbd8 38. Rxc6 Qe2 39. Re1 Qh5 40. Bxd5
exd5 41. Qd3 {Precision: White = 57%, Black = 38%.} 1-0

[Event "Yingmei Cup CHN-chT 2017"]
[Site "?"]
[Date "2017.05.23"]
[Round "5"]
[White "Bu, Xiangzhi"]
[Black "Bai, Jinshi"]
[Result "1-0"]
[WhiteElo "2713"]
[BlackElo "2585"]
[Annotator "TA"]
[PlyCount "107"]
[EventDate "2017.??.??"]
[SourceTitle "Jinhua-Lanxi"]

1. c4 g6 2. d4 Nf6 3. Nf3 Bg7 4. e3 O-O 5. Be2 b6 (5... c5 6. d5 e6 7. Nc3 d6
8. O-O Re8 9. Nd2 Na6 10. e4 Nc7 11. Re1 b6 12. dxe6 Nxe6 13. Nf1 Nd4 14. f3
Nh5 15. Bd3 Be5 {1-0 (117) Nakamura,H (2787)-Caruana,F (2804) Leuven 2016}) 6.
Nc3 {E60: King's Indian: Unusual lines and Fianchetto Variation without Nc3}
Bb7 7. d5 e6 8. e4 $146 {The position is equal.} ({Predecessor:} 8. O-O b5 9.
d6 bxc4 10. Nb5 cxd6 11. Nxd6 Bd5 12. Bxc4 Qc7 13. Bxd5 Nxd5 {0-1 (47)
Jussupow,A (2583)-Bacrot,E (2695) Ajaccio 2007}) 8... exd5 9. exd5 Na6 10. O-O
Nc5 11. Bg5 h6 12. Bh4 a5 13. Nd4 Re8 14. Bf3 d6 15. h3 g5 16. Bg3 Nfe4 17.
Ncb5 Ba6 (17... Nxg3 18. fxg3 Rf8 19. Bh5 $16) 18. Qc2 Bxb5 19. Nxb5 Qd7 20.
Bh2 Re7 21. Rae1 f5 (21... Nf6 $1 $14) 22. Bh5 (22. Re2 $16) 22... Be5 $14 23.
f3 Nf6 24. Bxe5 Nxh5 25. Bc3 {Black must now prevent Rxe7.} Rae8 26. Rxe7 Rxe7
27. Nd4 Ng7 28. b3 Re8 29. Bb2 Qf7 30. Qc3 Qf6 31. a3 Qe5 32. Nb5 Qxc3 33. Bxc3
Nxb3 34. Nxc7 Rc8 $1 35. Nb5 Rxc4 36. Bxg7 Kxg7 37. Nxd6 $11 {Endgame KRN-KRN}
Ra4 38. Rd1 Kf6 39. Nc8 Rd4 ({Better is} 39... b5) 40. Rb1 Nd2 (40... Rd3 $11 {
remains equal.}) 41. Rxb6+ $16 Ke5 42. Ne7 {Hoping for Re6+.} (42. Rxh6 $6 Rxd5
43. Rc6 Nb3 $14) 42... Nc4 $2 {[#]} (42... Rd3 $16 43. Rxh6 Nc4) 43. Re6+ $1
$18 (43. Rxh6 Rd2 $16) 43... Kf4 {[#]} 44. Kh2 $1 ({Weaker is} 44. Rxh6 Ne3 $11
) 44... g4 $2 (44... Ne5 45. Rf6 (45. Rxh6 Nxf3+ 46. gxf3 Rd2+ 47. Kg1 Kxf3 $11
) 45... Nc4) 45. Ng6+ Kg5 46. h4+ Kh5 47. Kg3 Ne3 48. Nf4+ Rxf4 49. Kxf4 Nxg2+
{KR-KN} 50. Kg3 {White mates.} Nxh4 51. fxg4+ Kg5 52. d6 f4+ 53. Kh3 f3 54. d7
{Precision: White = 63%, Black = 43%.} 1-0

[Event "Yingmei Cup CHN-chT 2017"]
[Site "?"]
[Date "2017.05.23"]
[Round "5"]
[White "Wang, Yue"]
[Black "Zvjaginsev, Vadim"]
[Result "1/2-1/2"]
[WhiteElo "2706"]
[BlackElo "2661"]
[Annotator "TA"]
[PlyCount "49"]
[EventDate "2017.??.??"]
[SourceTitle "Jinhua-Lanxi"]

1. d4 d5 2. c4 e6 3. Nc3 Nf6 4. cxd5 exd5 5. Bg5 c6 6. e3 Bf5 7. Qf3 Be6 8.
Bxf6 {D35: Queen's Gambit Declined: Exchange Variation} Qxf6 9. Qxf6 gxf6 10.
Nf3 {White is slightly better.} (10. Bd3 Nd7 11. Nge2 Nb6 12. Nf4 Nc8 13. f3
Nd6 14. Kf2 O-O-O 15. g3 Kb8 16. Rad1 Bc8 17. Rhe1 Be7 18. Re2 h5 19. h4 Nf5
20. a3 {1/2-1/2 (20) Georgiev,K (2608)-Ivanisevic,I (2650) Kragujevac 2016})
10... Nd7 11. Bd3 Nb6 12. Ne2 Nc4 $146 ({Predecessor:} 12... Bb4+ 13. Kd1 Nc8
14. Nh4 Nd6 15. Ng3 Ba5 {1/2-1/2 (46) Henrichs,T (2471)-Ekstroem,R (2377)
Flims 2016}) 13. b3 Nd6 14. Nh4 Rg8 15. f3 Bh6 16. g3 {The position is equal.}
Bxe3 17. Ng2 Bf5 18. Nxe3 Bxd3 19. Nf4 $1 Bf5 20. Kf2 Bd7 21. Nh5 Rg6 22. Nf4 (
22. Rhe1 $5 O-O-O 23. Nf4 $11) 22... Rg8 23. Nh5 Rg6 24. Nf4 (24. Rhe1 $5 O-O-O
25. Nf4 $11) 24... Rg8 25. Nh5 {Precision: White = 80%, Black = 89%.} 1/2-1/2

[Event "Yingmei Cup CHN-chT 2017"]
[Site "?"]
[Date "2017.05.23"]
[Round "5"]
[White "Cheparinov, Ivan"]
[Black "Xu, Zhihang"]
[Result "1-0"]
[WhiteElo "2688"]
[BlackElo "2155"]
[Annotator "TA"]
[PlyCount "107"]
[EventDate "2017.??.??"]
[SourceTitle "Jinhua-Lanxi"]

1. d4 Nf6 2. c4 e6 3. Nf3 Bb4+ 4. Nbd2 O-O 5. a3 Bxd2+ 6. Qxd2 d5 {E11:
Bogo-Indian} (6... a5 7. Qc2 d5 8. Bg5 a4 9. e3 c5 10. dxc5 Qa5+ 11. Qd2 Ne4
12. Qxa5 Rxa5 13. Bf4 Nd7 14. cxd5 exd5 {0-1 (73) Bok,B (2607)-Safarli,E (2653)
Wijk aan Zee 2016}) 7. e3 b6 8. b4 a5 {White has an edge.} 9. b5 dxc4 $146 ({
Predecessor:} 9... c6 10. a4 Bb7 11. Ba3 Re8 12. c5 Ne4 13. Qb2 Nd7 14. Rc1 {
0-1 (32) Law,N (2208) -De Jong,M (2370) Hoogeveen 2011}) 10. Bxc4 Bb7 11. O-O
a4 (11... Bxf3 $14 12. gxf3 Ne8) 12. Bb2 Nbd7 13. Qe2 Ne4 14. Rac1 Bd5 15. Bd3
Ra7 16. Ne1 f5 17. f3 Nd6 18. Nc2 c5 {Strongly threatening ... c4.} 19. bxc6 $1
Bxc6 20. Nb4 Ba8 21. e4 fxe4 22. fxe4 Rc7 23. Rxc7 Rxf1+ 24. Qxf1 Qxc7 25. e5
Ne4 (25... Nc8 $16 {was called for.} 26. Bc2 Nf8 27. Bxa4 Bb7) 26. Qe2 $1 $18
Qb7 27. Bb5 {Hoping for Bc6.} Qc7 28. Bxa4 Nf8 29. Bb3 Nc3 30. Qc2 Nb5 31. Qd3
Qb7 32. d5 ({White should try} 32. Bd5 $1 $18 exd5 33. Qxb5) 32... Nc7 $16 33.
Nc6 Nxd5 34. Bxd5 exd5 {[#]} 35. Qxd5+ (35. Nd4 $1 $16) 35... Kh8 $11 36. Qf3
Ne6 37. Nd4 Qxf3 38. Nxf3 $14 {Endgame KBN-KBN} Nf4 39. Ba1 Kg8 40. Kf2 Kf7 41.
g3 Ne6 42. Ke3 Bd5 43. Nd2 Nc5 44. Bd4 Nd7 45. Ne4 h6 {[#]} 46. Nd6+ $1 Kg6 (
46... Kf8 $16 {was worth a try.} 47. Nf5 Be6) 47. Ne8 b5 $2 (47... Bb3 $16 48.
Nd6 Bd5) 48. Nc7 $1 $18 Bc6 49. Kf4 Nf8 50. e6 Nh7 51. Ke5 {Kd6 is the strong
threat.} Ng5 52. Kd6 Bf3 53. e7 Nf7+ 54. Kc5 {Precision: White = 69%, Black =
49%.} 1-0

[Event "Yingmei Cup CHN-chT 2017"]
[Site "?"]
[Date "2017.05.23"]
[Round "5"]
[White "Lu, Shanglei"]
[Black "Sethuraman, S P."]
[Result "1/2-1/2"]
[WhiteElo "2620"]
[BlackElo "2619"]
[Annotator "TA"]
[PlyCount "54"]
[EventDate "2017.??.??"]
[SourceTitle "Jinhua-Lanxi"]

1. e4 e6 2. d4 d5 3. Nd2 c5 4. Ngf3 cxd4 5. exd5 Qxd5 6. Bc4 Qd8 7. Nb3 Nc6 8.
Nbxd4 Nxd4 9. Qxd4 Qxd4 10. Nxd4 Bd7 11. Be2 Nf6 12. O-O Rc8 {The position is
equal.} 13. c4 {C07: French Tarrasch: 3...c5, 4 Ngf3 and 4 exd5 Qxd5} Bc5 14.
Rd1 e5 15. Nc2 Bf5 16. Ne3 Be6 17. Bf3 b6 (17... e4 $5 18. Be2 $8 Ke7 $11) 18.
b3 Bd4 (18... e4 $5 19. Be2 $8 Ke7 $11) 19. Rb1 O-O {[#]} 20. Ba3 $146 Rfd8 21.
h3 Rd7 22. g4 Rcd8 23. Bc6 Rc7 24. Bf3 Rcd7 25. Bc6 Rc7 26. Bf3 Rcd7 27. Bc6
Rc7 {Precision: White = 26%, Black = 69%.} 1/2-1/2

[Event "Yingmei Cup CHN-chT 2017"]
[Site "?"]
[Date "2017.05.23"]
[Round "5"]
[White "Zhao, Jun"]
[Black "Gao, Rui"]
[Result "1/2-1/2"]
[WhiteElo "2616"]
[BlackElo "2543"]
[Annotator "TA"]
[PlyCount "156"]
[EventDate "2017.??.??"]
[SourceTitle "Jinhua-Lanxi"]

1. e4 c5 2. Nf3 d6 3. d4 cxd4 4. Nxd4 Nf6 5. Nc3 a6 6. Be2 e5 7. Nf3 Be7 8. Bg5
Be6 {[%emt 0:00:06] B92: Sicilian Najdorf: Be2} 9. Bxf6 Bxf6 10. Qd2 O-O (10...
Nc6 11. Nd5 Bxd5 12. Qxd5 O-O 13. O-O Qc7 14. c3 Rfd8 15. Rfd1 Rac8 16. Ne1 {
1/2-1/2 (45) Hovhannisyan,R (2619)-Ter Sahakyan,S (2581) Skopje 2017}) 11. O-O
Qc7 12. Nd5 $146 ({Predecessor:} 12. Rad1 Be7 13. Nd5 Bxd5 14. Qxd5 Nd7 15. Nd2
b5 16. c4 b4 {1/2-1/2 (16) Svrsek,R (2058)-Kolanek,R (2037) LSS email 2011})
12... Bxd5 $1 13. Qxd5 Nd7 14. c3 Be7 15. Nd2 Nf6 16. Qd3 Qc6 17. Bf3 Bd8 18.
Nc4 Bc7 19. Rad1 Rad8 20. Rd2 g6 21. Rfd1 Kg7 22. h3 h6 23. a3 Rfe8 24. Ne3 Bb6
25. Nd5 Nxd5 26. Qxd5 Qc7 27. Rd3 Re6 28. R1d2 (28. Bg4 $5 Rf6 29. R1d2 $11)
28... Rf6 29. Bd1 Re8 30. Bf3 h5 31. Bd1 Ree6 32. Bf3 Ba7 33. Qb3 Rf4 34. g3
Rff6 35. h4 Bb6 36. Kg2 Ba7 37. Re2 Bb6 38. Red2 Ba7 39. Rd5 Re8 40. a4 Bb6 41.
Qb4 a5 42. Qb5 Rc8 43. Bd1 Bc5 44. Bb3 Ra8 45. R5d3 Qc6 46. Bd5 Qxb5 47. axb5
Ra7 48. Re2 Kh6 49. Rd1 b6 50. Rf1 g5 51. hxg5+ Kxg5 52. Rh1 Rc7 53. Rh4 Rc8
54. f3 Rh8 55. Re1 Rhh6 56. Reh1 Rh7 57. Bc6 Rfh6 58. Kf1 Kf6 59. Ke2 Rh8 60.
R1h2 Bg1 61. R2h3 Bc5 62. Rh1 (62. Bd5 $14) 62... R8h7 63. Bd5 Rh8 64. R1h2
R8h7 65. Ba2 Rh8 66. Rh1 R8h7 67. Bd5 Rh8 68. b3 R6h7 69. g4 (69. f4 $14) 69...
Kg5 $11 {The position is equal.} 70. Kd3 Bf2 71. Rxh5+ Rxh5 72. gxh5 Rxh5 {
Endgame KRB-KRB} 73. Rf1 Rh2 74. Bxf7 Bc5 75. Bd5 Rf2 76. Rxf2 Bxf2 77. Be6 Kf6
78. Bg4 Ke7 {Precision: White = 37%, Black = 49%.} 1/2-1/2

[Event "Yingmei Cup CHN-chT 2017"]
[Site "?"]
[Date "2017.05.23"]
[Round "5"]
[White "Wen, Yang"]
[Black "Ma, Qun"]
[Result "1-0"]
[WhiteElo "2613"]
[BlackElo "2637"]
[Annotator "TA"]
[PlyCount "109"]
[EventDate "2017.??.??"]
[SourceTitle "Jinhua-Lanxi"]

1. Nf3 d5 2. g3 Bg4 3. Bg2 c6 4. O-O Nd7 5. h3 Bh5 6. d3 Ngf6 7. Qe1 {A07:
Réti Opening: New York and Capablanca Systems} (7. Nbd2 e5 8. e4 Be7 9. Qe1
O-O 10. Nh4 Re8 11. Ndf3 dxe4 12. dxe4 Nc5 13. g4 Bg6 14. Nxg6 hxg6 15. Nxe5
Bd6 16. Nc4 Ncxe4 17. Nxd6 Qxd6 {1/2-1/2 (64) Onischuk,A (2667)-So,W (2822)
Saint Louis 2017}) 7... e5 8. e4 dxe4 9. dxe4 {The position is equal.} Be7 10.
Nh4 O-O 11. Nf5 Bc5 12. a4 $146 ({Predecessor:} 12. b4 Bb6 13. Bb2 a5 14. a3
axb4 15. axb4 Rxa1 16. Bxa1 {0-1 (80) Howell,D (2693)-McShane,L (2687) London
2015}) 12... Re8 13. Na3 Qc7 14. Bd2 a5 15. Nc4 b6 16. Bc3 Bg6 17. Nh4 Bh5 18.
Kh1 Rad8 19. f4 (19. b3 $14) 19... exf4 $11 20. gxf4 Bg6 (20... Nd5 $5) 21.
Nxg6 hxg6 22. e5 Nd5 23. Qg3 Nf8 24. f5 Nxc3 25. bxc3 gxf5 26. Rxf5 Rd7 27. Nb2
Rde7 (27... Re6 $11) 28. Nd3 $14 Ng6 29. Rg5 ({White should try} 29. Re1 $1 $14
) 29... Re6 (29... Rxe5 $1 $11 {remains equal.} 30. Nxe5 Rxe5) 30. Be4 $16 Be7
(30... Qd7 $16) 31. Rg4 $18 Bf8 32. Rg1 $1 (32. Bxg6 $6 fxg6 33. Rxg6 c5 $16)
32... b5 33. h4 {aiming for h5.} (33. Bxg6 Rxg6 34. Rxg6 fxg6 $14) 33... Rxe5 {
With the idea ...R5e7.} 34. Bxg6 fxg6 {[#]} 35. Re4 $1 Bd6 (35... Rxe4 36. Qxc7
) 36. Nxe5 Rxe5 37. Qxg6 {Rxe5 is the strong threat.} Qd7 {[#]} 38. Qg4 $1 Qf7
39. Rxe5 Bxe5 {Endgame [#] KQR-KQB} 40. Qe4 $1 Qf6 (40... Bf6 $142 41. Qxc6
bxa4) 41. axb5 cxb5 42. c4 bxc4 43. Qxc4+ Kh8 44. Rf1 Qd8 45. Qe4 Bf6 46. Re1
Bxh4 (46... Qf8 $142 47. Kg2 Qc5) 47. Qe8+ Qxe8 48. Rxe8+ {KR-KB} Kh7 49. Ra8 (
49. c4 $142 Kg6 50. Ra8) 49... Be1 50. c4 {And now c5 would win.} Bb4 51. Ra6
g6 $2 (51... Kg8 52. Kg2 Kf7) 52. Kg2 Kh6 53. Kf3 Kh5 {[#]} 54. c5 $1 g5 (54...
Bxc5 55. Rxa5) 55. c6 {Precision: White = 80%, Black = 36%.} 1-0